|
|
|
|
| LEADER |
01249nam a22002777a 4500 |
| 001 |
29832 |
| 003 |
BD-DhAAL |
| 008 |
171127t2014 bg a|||| ||||f00| 0 eng d |
| 999 |
|
|
|c 38637
|d 38637
|
| 040 |
|
|
|a BD-DhAAL
|
| 082 |
|
|
|a 551.48095492
|2 21
|
| 245 |
|
|
|a Policy brief :
|b local level hazard maps for flood, storm surge & salinity /
|c compiled by Mirza Shawkat Ali, Snajib Kumar Saha and Goran Jonsson
|
| 260 |
|
|
|a Dhaka :
|b Comprehensive Disaster Management Programme (CDMP II),
|c c2014
|
| 300 |
|
|
|a 26 pages :
|b color illustrations, color maps ;
|c 28 cm.
|
| 526 |
|
|
|a AAL
|
| 541 |
|
|
|e 29832
|a Complimentary copy
|
| 650 |
|
|
|a Floods
|z Bangladesh.
|9 20975
|
| 700 |
|
|
|a Ali, Mirza Shawkat
|9 20977
|
| 700 |
|
|
|a Saha, Sanjib Kumar
|9 20978
|
| 700 |
|
|
|a Jonsson, Goran
|9 20979
|
| 710 |
|
|
|a Center for Environmental and Geographic Information Services (Bangladesh)
|9 20980
|
| 710 |
|
|
|a Comprehensive Disaster Management Program (CDMP II)
|9 20981
|
| 710 |
|
|
|a Ministry of Disaster Management and Relief.
|9 20982
|
| 852 |
|
|
|a Ayesha Abed Library
|c General Stacks
|
| 942 |
|
|
|2 ddc
|c BK
|
| 952 |
|
|
|0 0
|1 0
|2 ddc
|4 0
|6 551_480954920000000_POL
|7 0
|9 61989
|a BRACUL
|b BRACUL
|c GEN
|d 2017-11-27
|e Complimentary copy
|l 0
|o 551.48095492 POL
|p 3010029832
|r 2017-11-27
|t 1
|w 2017-11-27
|y BK
|